| 000 | 00824nam a2200217 i 4500 | ||
|---|---|---|---|
| 001 | 101542 | ||
| 003 | ES-MaACL | ||
| 005 | 20250902040136.0 | ||
| 007 | t| | ||
| 008 | 051020s1981 sp ||||1| spa d | ||
| 245 | 0 | 0 |
_aMedio ambiente _b: formación, investigación y experiencias / _cAlbert Sasson... [et al.]. |
| 260 |
_aMadrid : _bFundación Universidad Empresa, _c1981. |
||
| 300 |
_a234 p. : _bil. ; _c22 cm. |
||
| 490 | 1 | _aForum Universidad-Empresa | |
| 500 | _aVII Seminario Universidad-Empresa sobre las relacciones Universidad-Empresa en el campo de las ciencias ambientuales. | ||
| 700 | 1 |
_aSasson, Albert. _9103912 |
|
| 710 | 2 |
_aFundación Universidad-Empresa (Madrid) _94424 |
|
| 830 | 0 |
_aForum Universidad-Empresa _9184606 |
|
| 852 |
_aES-MaACL _jL-1628 _bR.102277 |
||
| 999 |
_c101542 _d101542 |
||